Un diálogo sobre el poder y otras conversaciones.
Uloženo v:
| Hlavní autor: | |
|---|---|
| Médium: | Neznámo |
| Vydáno: |
Madrid, España:
Alianza,
2012.
|
| Vydání: | Tercera edición. |
| Edice: | Humanidades.
|
| Témata: | |
| Tagy: |
Přidat tag
Žádné tagy, Buďte první, kdo vytvoří štítek k tomuto záznamu!
|
MARC
| LEADER | 00000 a2200000 4500 | ||
|---|---|---|---|
| 003 | CL-VaPUC | ||
| 005 | 20230330113221.0 | ||
| 008 | 230315t2012 ||||| |||| 00| 0 eng d | ||
| 999 | |c 440158 |d 440156 | ||
| 020 | |a 978-84-206-0852-5 | ||
| 040 | |c Pontificia Universidad Católica de Valparaíso | ||
| 082 | 7 | |a 303.3 FOU 2012 |2 22 | |
| 100 | |a Foucault, Michel, |9 867318 |d 1926-1984 |e autor | ||
| 245 | 1 | 3 | |a Un diálogo sobre el poder y otras conversaciones. |
| 250 | |a Tercera edición. | ||
| 260 | |a Madrid, España: |b Alianza, |c 2012. | ||
| 300 | |a 211 páginas. | ||
| 440 | |a Humanidades. |9 861084 | ||
| 583 | |k GC |c 20230315 | ||
| 650 | |a Poder |x Ciencias sociales |9 872059 | ||
| 942 | |2 ddc |c BK | ||
| 952 | |0 0 |1 0 |2 ddc |4 0 |6 303_300000000000000_FOU_2012 |7 0 |8 A |9 589078 |a BIBART |b BIBART |c GEN |d 2023-03-15 |e 11 |g 15599.71 |i 5656653 |o 303.3 FOU 2012 |p 5656653 |r 2025-03-13 |t 1 |v 15599.71 |w 2023-03-15 |y BK |k ART | ||